Informe final del Ejercicio Profesional Supervisado, realizado en la Empresa Constructora Progreso, Cobán, Alta Verapaz/ (Registro nro. 1831)
[ vista simple ]
| 000 -LEADER | |
|---|---|
| campo de control de longitud fija | 03871nam a22003137i 4500 |
| 001 - NÚMERO DE CONTROL | |
| campo de control | TCPA 22 |
| 003 - IDENTIFICADOR DE NÚMERO DE CONTROL | |
| campo de control | gtcocun |
| 005 - FECHA Y HORA DE LA ÚLTIMA TRANSACCIÓN | |
| campo de control | 20250912225538.0 |
| 006 - CÓDIGOS DE INFORMACIÓN DE LONGITUD FIJA--CARACTERÍSTICAS DEL MATERIAL ADICIONAL | |
| campo de control de longitud fija | a||||gr|||| 00| 0 |
| 008 - DATOS DE LONGITUD FIJA--INFORMACIÓN GENERAL | |
| campo de control de longitud fija | 250912b2016 gt ||||| m||| 00| 0 eng d |
| 040 ## - FUENTE DE CATALOGACIÓN | |
| Centro catalogador/agencia de origen | gtcocun |
| Lengua de catalogación | SPA |
| Centro/agencia transcriptor | gtcocun |
| Normas de descripción | RDA |
| 041 ## - CÓDIGO DE IDIOMA | |
| Código de lengua del texto/banda sonora o título independiente | SPA |
| 084 ## - OTRO NÚMERO DE CLASIFICACIÓN | |
| Número de control del registro de autoridad o número normalizado | TCPA 22 |
| 100 ## - ENTRADA PRINCIPAL--NOMBRE DE PERSONA | |
| Nombre de persona | Toj Moran, Elmer Gabriel |
| Término indicativo de función/relación | Autor |
| 245 ## - MENCIÓN DEL TÍTULO | |
| Título | Informe final del Ejercicio Profesional Supervisado, realizado en la Empresa Constructora Progreso, Cobán, Alta Verapaz/ |
| Mención de responsabilidad, etc. | Elmer Gabriel Toj Moran |
| Medio | Impreso |
| 264 ## - PRODUCCIÓN, PUBLICACIÓN, DISTRIBUCIÓN, FABRICACIÓN Y COPYRIGHT | |
| Producción, publicación, distribución, fabricación y copyright | Cobán, Alta Verapaz: |
| Nombre del de productor, editor, distribuidor, fabricante | Universidad de San Carlos de Guatemala, Centro Universitario del Norte, Licenciatura en Contaduría Pública y Auditoría. |
| Fecha de producción, publicación, distribución, fabricación o copyright | 2016 |
| 300 ## - DESCRIPCIÓN FÍSICA | |
| Extensión | 65 p.: |
| Otras características físicas | Ilustraciones, gráficas. |
| Dimensiones | 28 cm; PDF |
| 336 ## - TIPO DE CONTENIDO | |
| Fuente | rdacontenido |
| Término de tipo de contenido | Texto |
| Código de tipo de contenido | txt |
| 337 ## - TIPO DE MEDIO | |
| Fuente | rdamedio |
| Nombre/término del tipo de medio | Computadora |
| Código del tipo de medio | n |
| 338 ## - TIPO DE SOPORTE | |
| Fuente | rdasoporte |
| Nombre/término del tipo de soporte | Código en línea |
| Código del tipo de soporte | cr |
| 502 ## - NOTA DE TESIS | |
| identificador de la tesis | . |
| 502 ## - NOTA DE TESIS | |
| Nota de tesis | Tesis de grado |
| Tipo de título | Licenciatura en Contaduría Pública y Auditoría. |
| Nombre de la institución que otorga el título | Universidad de San Carlos de Guatemala, Centro Universitario del Norte, Licenciatura en Contaduría Pública y Auditoría. |
| Año de obtención del título | 2016 |
| Identificador de la tesis | TCPA 22 |
| 520 14 - RESUMEN, ETC. | |
| Sumario, etc. | La Tricentenaria Universidad de San Carlos de Guatemala (USAC), a<br/>través del Centro Universitario del Norte (CUNOR) y la carrera de Contaduría<br/>Pública y Auditoria desarrolla como parte de las actividades primordiales, el<br/>Ejercicio Profesional Supervisado (EPS), realizándose esté, en la empresa<br/>Constructora Progreso, Cobán, Alta Verapaz. La actividad económica principal<br/>que desarrolla esta entidad es la construcción de obra civil en general a<br/>instituciones privadas y del estado.<br/><br/>Como etapa inicial, se realizó un diagnostico empresarial del que se<br/>obtuvo el conocimiento de la estructura organizacional, actividades<br/>administrativas, contables y operacionales. Se identificaron las debilidades<br/>tributarias y contables, mismas que fueron priorizadas de acuerdo a su<br/>importancia para su respectiva solución.<br/><br/>Se elaboró un plan de trabajo, en el cual se describió el proceso y el<br/>tratamiento que se le daría a la problemática. Las acciones realizadas fueron las<br/>siguientes:<br/><br/>Con respecto a la desactualización contable que presentaba la empresa<br/>constructora, se procedió a actualizar los registros contables del año 2 010 al<br/>2 014, logrando con este trabajo presentar la información financiera real.<br/><br/>Se procedió a la revisión y rectificación de las declaraciones del Impuesto<br/>al Valor Agregado (IVA), Impuesto Sobre la Renta (ISR) e Impuesto de<br/>Solidaridad (ISO), con los respectivos cálculos de intereses, multas y moras, por<br/>inconsistencias contraídas en la presentación de los formularios de pagos de<br/>impuesto.<br/>Derivado de la limitante en los pagos de mano de obra indirecta,<br/>considerados como gastos no deducibles, se implementó la utilización de la<br/>factura especial, como alternativa técnica legal, para sustentar la liquidación de<br/>dicha operación y finalmente se pueda reflejar dentro de la contabilidad como<br/>gasto deducible.<br/><br/>Con estas actividades se contribuyó al fortalecimiento del control interno<br/>de las operaciones contables, tributarias y financieras, por lo cual se recomienda<br/>a la empresa Constructora Progreso, Cobán, Alta Verapaz, que opere<br/>constantemente sus registros contables para evitar información limitada de la<br/>situación financiera, requerimientos de información, ajustes y auditorias por parte<br/>de la Superintendencia de Administración Tributaria (SAT). |
| 650 14 - PUNTO DE ACCESO ADICIONAL DE MATERIA--TÉRMINO DE MATERIA | |
| Fuente del encabezamiento o término | LEMB |
| Término de materia o nombre geográfico como elemento de entrada | Cobán, Alta Verapaz |
| Subdivisión general | Estados financieros |
| -- | rectificación |
| -- | formularios |
| -- | factura especial |
| 700 ## - ENTRADA AGREGADA--NOMBRE PERSONAL | |
| Nombre de persona | Lic. Carlos Abraham Sierra Alvarado |
| Término indicativo de función/relación | Asesor |
| 856 ## - LOCALIZACIÓN Y ACCESO ELECTRÓNICOS | |
| Identificador Uniforme de Recurso | <a href="https://drive.google.com/file/d/10GhtJWUhYlBK7uuiAeQQdPpnRK1RdoRp/view?usp=sharing">https://drive.google.com/file/d/10GhtJWUhYlBK7uuiAeQQdPpnRK1RdoRp/view?usp=sharing</a> |
| Texto de enlace | |
| Nota pública | Un ejemplar en línea. |
| 942 ## - ELEMENTOS DE ENTRADA SECUNDARIOS (KOHA) | |
| Fuente de la clasificación o esquema de estantería | Clasificación Decimal Dewey |
| Tipo de ítem Koha | TESIS |
| Parte de la signatura que identifica el ejemplar (Parte del ítem) | TCPA_22 |
| Prefijo de la signatura | Clasificación |
| Suprimir en OPAC | No |
| -- | TCPA__22 |
| Estatus retirado | Estado de pérdida | Fuente de la clasificación o esquema de estantería | Estado de daño | No para préstamo | Colección | Biblioteca de origen | Biblioteca actual | Ubicación en estantería | Fecha de adquisición | Número de inventario | Total de préstamos | Signatura topográfica completa | Código de barras | Visto por última vez | Precio de reemplazo | Tipo de ítem Koha |
|---|---|---|---|---|---|---|---|---|---|---|---|---|---|---|---|---|
| Clasificación Decimal Dewey | tesis | BIBLIOTECA- CUNOR -JOSÉ LUIS GONZALES ROSALES | BIBLIOTECA- CUNOR -JOSÉ LUIS GONZALES ROSALES | Colección tesis | 12/09/2025 | TCPA 022 | TCPA 022 | TCPA 022 | 12/09/2025 | 12/09/2025 | TESIS |